Sports Quiz

Random Sports Quiz
Score 0/25 Timer 05:00
0 Plays Today
Team Player % Correct
BuccaneersDoug Martin
76.2%
49ersColin Kaepernick
64.3%
CardinalsPatrick Peterson
58.7%
RedskinsAlfred Morris
58.7%
PatriotsChandler Jones
57.1%
JetsGeno Smith
57.1%
SteelersAntonio Brown
51.6%
DolphinsRyan Tannehill
51.6%
PanthersLuke Kuechly
50.8%
PackersRandall Cobb
48.4%
ColtsTrent Richardson
44.4%
FalconsJacquizz Rodgers
42.9%
RamsTavon Austin
42.1%
Team Player % Correct
LionsNick Fairley
40.5%
ColtsT.Y. Hilton
40.5%
DolphinsLamar Miller
37.3%
SeahawksBobby Wagner
30.2%
ChargersManti Te'o
27%
BillsStephen Gilmore
25.4%
DolphinsDion Jordan
25.4%
GiantsPrince Amukamara
25.4%
BengalsTyler Eifert
25.4%
PackersCasey Hayward
24.6%
VikingsKyle Rudolph
23.8%
RedskinsRyan Kerrigan
23.8%
Remove Ads.
Support Sporcle.
Get the best of Sporcle when you Go Orange. This ad-free experience offers more features, more stats, and more fun while also helping to support Sporcle. Thank you for becoming a member.

You're not logged in!

Compare scores with friends on all Sporcle quizzes.
OR
Log In

Show Comments

Extras

Created Sep 25, 2013ReportNominate
Tags:gen, madden, Next, Player, pos, team

Top Quizzes Today


Score Distribution

Your Account Isn't Verified!

In order to create a playlist on Sporcle, you need to verify the email address you used during registration. Go to your Sporcle Settings to finish the process.

Report this User

Report this user for behavior that violates our Community Guidelines.

Details: